000 01022nam0a22002531 4500
001 rc\3996949
005 20260407112536.0
021 _aRU
_b[57-878]
035 _a(NLR Aleph) 008070921
090 _a9062263
_c9062263
100 _a20130415d1956 |||y0rusy50 ca
101 0 _arus
102 _aRU
105 _ay z |||||
200 1 _a[Тезисы докладов]
_fМ-во здравоохранения РСФСР. Куйбышевский гос. мед. ин-т. Конференция молодых науч. работников ин-та. 7-8 дек. 1956 г.
210 _aКуйбышев
_cБ. и.
_d1956
215 _a181 с.
_d19
606 _aМедицина
_jТезисы докладов
_2psbo
710 0 2 _aСамарский медицинский институт
_bКонференция молодых научных работников
_f1956
_9630741
_3RU\NLR\AUTH\8810064581
801 0 _aRU
_bNLR
_gpsbo
801 1 _aRU
_bELAR
_2rusmarc
852 _aNLR
_j57-3/207
942 _cBOOK
980 _aNB